[Event "World Blitz 2015"]
[Site "Berlin GER"]
[Date "2015.10.14"]
[Round "15.39"]
[White "Zvjaginsev, Vadim"]
[Black "Moiseenko, Alexander"]
[Result "1/2-1/2"]
[WhiteTitle "GM"]
[BlackTitle "GM"]
[WhiteElo "2660"]
[BlackElo "2692"]
[WhiteFideId "4113403"]
[BlackFideId "14102560"]
[EventDate "2015.10.13"]

1. e4 c5 2. Nf3 Nc6 3. c3 d5 4. exd5 Qxd5 5. d4 Nf6 6. Be2 cxd4 7. cxd4 e6 8.
O-O Be7 9. Nc3 Qd6 10. Nb5 Qd8 11. Bf4 Nd5 12. Bg3 O-O 13. Bc4 a6 14. Nc3 Nxc3
15. bxc3 b5 16. Bd3 Bb7 17. a4 b4 18. Rb1 Bf6 19. Be4 a5 20. cxb4 axb4 21. Bxc6 1/2-1/2

[Event "World Blitz 2015"]
[Site "Berlin GER"]
[Date "2015.10.14"]
[Round "15.40"]
[White "Lagno, Kateryna"]
[Black "Ragger, Markus"]
[Result "1/2-1/2"]
[WhiteTitle "GM"]
[BlackTitle "GM"]
[WhiteElo "2523"]
[BlackElo "2698"]
[WhiteFideId "14109336"]
[BlackFideId "1610856"]
[EventDate "2015.10.13"]

1. e4 e5 2. Nf3 Nc6 3. Nc3 Nf6 4. Be2 d5 5. exd5 Nxd5 6. O-O Nxc3 7. bxc3 e4 8.
Ne1 Bd6 9. f3 exf3 10. Nxf3 O-O 11. d4 Bg4 12. Rb1 Rb8 13. Bg5 Be7 14. Bf4 Bd6
15. Qd2 Ne7 16. c4 Ng6 17. Be3 Re8 18. Bd3 c6 19. Ng5 Be6 20. Qf2 Qc7 21. g3
Rbd8 22. Qf3 h6 23. Nxe6 Rxe6 24. c5 Bf8 25. Bc4 Rf6 26. Qe2 Be7 27. c3 Qd7 28.
Qc2 Qg4 29. Rxf6 Bxf6 30. Rxb7 Nh8 31. Qe2 Qf5 32. Bd3 Qh3 33. Qf3 Re8 34. Bf2
Ng6 35. Bxg6 fxg6 36. Qxc6 Rf8 37. Qe4 Kh7 38. Rb1 Qd7 39. c6 Qc8 40. d5 Bxc3
41. d6 Ba5 42. Rb7 Bb6 43. Bxb6 axb6 44. Qd4 Rg8 45. Rxb6 Qe8 46. Rb1 Qxc6 47.
d7 Rd8 48. Rd1 Qa6 49. Rd2 Qa5 50. a4 h5 51. h4 Qc7 52. Kg2 Qc6+ 53. Kh2 Qc7 54.
Qd5 Qa7 55. a5 Qa6 56. Qg5 Qa8 57. Rd6 Qe4 58. Rd2 Rxd7 59. Rxd7 Qe2+ 60. Kg1
Qe1+ 61. Kg2 Qe2+ 1/2-1/2

[Event "World Blitz 2015"]
[Site "Berlin GER"]
[Date "2015.10.14"]
[Round "15.42"]
[White "Khismatullin, Denis"]
[Black "Safarli, Eltaj"]
[Result "0-1"]
[WhiteTitle "GM"]
[BlackTitle "GM"]
[WhiteElo "2651"]
[BlackElo "2657"]
[WhiteFideId "4142578"]
[BlackFideId "13402129"]
[EventDate "2015.10.13"]

1. b3 Nf6 2. Bb2 g6 3. g3 Bg7 4. Bg2 O-O 5. c4 c6 6. Nf3 d5 7. O-O a5 8. Nc3 Na6
9. cxd5 cxd5 10. Rc1 Bg4 11. Ne5 Bf5 12. d3 Rc8 13. Qd2 Nb4 14. a3 Nc6 15. Na4
Nxe5 16. Bxe5 b5 17. Rxc8 Bxc8 18. Nc5 Qb6 19. b4 axb4 20. axb4 e6 21. Qc3 Ne8
22. Ra1 Bxe5 23. Qxe5 Nd6 24. Ra8 Qc6 25. Ra7 Qb6 26. Ra2 Nb7 27. Qc3 Nxc5 28.
bxc5 Qc6 29. d4 Bd7 30. e3 Ra8 31. Rxa8+ Qxa8 32. Bf1 Bc6 33. Bd3 Qa4 34. Bc2
Qc4 35. Qb2 b4 36. Bb3 Qd3 37. Qc2 Qxc2 38. Bxc2 Bb5 39. f3 Kf8 40. Kf2 Ke7 41.
Ke1 Kd7 42. Kd2 Kc6 43. Kc1 Bc4 44. Ba4+ Kc7 45. Be8 f6 46. Kb2 Kd8 47. Ba4 Kc7
48. h4 h6 49. e4 g5 50. hxg5 fxg5 51. exd5 Bxd5 52. f4 gxf4 53. gxf4 h5 54. Bd1
h4 55. Bg4 Kc6 56. Bh3 Kb5 57. Bf1+ Kc6 58. Bh3 Kd7 59. Kc2 Bc4 60. Kb2 Kc6 61.
Bg2+ Bd5 62. Bh3 Kd7 63. Bf1 Be4 64. Kb3 Bf5 65. Kxb4 h3 66. Kb5 h2 67. Bg2 Kc7
68. Kc4 Bg6 69. d5 exd5+ 70. Kxd5 Be8 0-1

[Event "World Blitz 2015"]
[Site "Berlin GER"]
[Date "2015.10.14"]
[Round "15.43"]
[White "Riazantsev, Alexander"]
[Black "Al-Sayed, Mohammed"]
[Result "1-0"]
[WhiteTitle "GM"]
[BlackTitle "GM"]
[WhiteElo "2646"]
[BlackElo "2520"]
[WhiteFideId "4125029"]
[BlackFideId "12100196"]
[EventDate "2015.10.13"]

1. d4 Nf6 2. c4 g6 3. Nc3 Bg7 4. e4 d6 5. Be2 O-O 6. Be3 e5 7. d5 a5 8. g4 Na6
9. g5 Nd7 10. h4 Nb6 11. f3 c6 12. Nh3 cxd5 13. cxd5 a4 14. Nf2 a3 15. b3 f5 16.
gxf6 Bxf6 17. h5 Bg5 18. Qd2 Bf4 19. hxg6 hxg6 20. Nd3 Bxe3 21. Qxe3 Qc7 22. Nb5
Qd8 23. Qh6 1-0

[Event "World Blitz 2015"]
[Site "Berlin GER"]
[Date "2015.10.14"]
[Round "15.44"]
[White "Matlakov, Maxim"]
[Black "Huzman, Alexander"]
[Result "1-0"]
[WhiteTitle "GM"]
[BlackTitle "GM"]
[WhiteElo "2689"]
[BlackElo "2580"]
[WhiteFideId "4168003"]
[BlackFideId "2803828"]
[EventDate "2015.10.13"]

1. d4 Nf6 2. Bf4 g6 3. e3 d6 4. h3 Bg7 5. Nf3 O-O 6. Be2 Nfd7 7. Bh2 e5 8. O-O
f5 9. c4 Nc6 10. Nc3 Kh8 11. a3 e4 12. Nd2 Ne7 13. b4 Nf6 14. Rc1 Be6 15. f3
exf3 16. Bxf3 c6 17. b5 Bg8 18. a4 Rc8 19. Qe2 Qd7 20. a5 c5 21. Qd3 g5 22. dxc5
Rxc5 23. Qxd6 f4 24. Qxc5 Nf5 25. Nd5 Nxd5 26. Bxd5 fxe3 27. Nf3 Rc8 28. Qa3 e2
29. Rfe1 Bxd5 30. cxd5 Re8 31. Qd3 1-0

[Event "World Blitz 2015"]
[Site "Berlin GER"]
[Date "2015.10.14"]
[Round "15.45"]
[White "Jumabayev, Rinat"]
[Black "Bindrich, Falko"]
[Result "1-0"]
[WhiteTitle "GM"]
[BlackTitle "GM"]
[WhiteElo "2606"]
[BlackElo "2594"]
[WhiteFideId "13702661"]
[BlackFideId "4676670"]
[EventDate "2015.10.13"]

1. Nf3 d5 2. g3 e6 3. Bg2 Nf6 4. c4 dxc4 5. O-O c5 6. Na3 Nc6 7. Nxc4 Be7 8. b3
O-O 9. Bb2 Bd7 10. Rc1 Rc8 11. e3 Nb4 12. Nfe5 b5 13. Nxd7 Nxd7 14. Na3 a6 15.
Nc2 Nd3 16. Rb1 Nxb2 17. Rxb2 Bf6 18. Rb1 Qb6 19. Qe2 Rfd8 20. Rfd1 h6 21. Bf1
Ne5 22. Ne1 Qa5 23. d3 Nc6 24. a4 bxa4 25. bxa4 Nb4 26. Rdc1 Nd5 27. Qc2 Nc3 28.
Rb3 Nd5 29. Rb7 Nb4 30. Qb3 Rb8 31. Rxb8 Rxb8 32. Nf3 Rd8 33. h4 Nd5 34. Qc4 Nc3
35. d4 cxd4 36. exd4 Nd5 37. Qxa6 Qb4 38. Qc4 Qa3 39. Kg2 Qb2 40. Rc2 Qa1 41.
Ra2 Qb1 42. Bd3 Qb8 43. a5 Rc8 44. Qb5 Qa8 45. Rc2 Rb8 46. Qa4 Nb4 47. Rd2 g5
48. hxg5 hxg5 49. d5 g4 50. Ne1 Qxd5+ 51. Kf1 Qh1+ 52. Ke2 Bc3 53. a6 Bxd2 54.
Kxd2 Nxd3 55. Qxg4+ Kf8 56. Nxd3 Qa1 57. Qf4 Qa2+ 58. Ke3 Rd8 59. Qb4+ Kg8 60.
Qg4+ Kf8 61. Qb4+ Ke8 62. Qb5+ Ke7 63. Qg5+ Ke8 64. Qb5+ Ke7 65. Qg5+ Ke8 66.
Qb5+ Kf8 67. Qb4+ Ke8 68. Qb5+ Rd7 69. Qb8+ Ke7 70. Qb4+ Rd6 71. Nc5 Qd5 72. a7
Ke8 73. Qb8+ Ke7 1-0

[Event "World Blitz 2015"]
[Site "Berlin GER"]
[Date "2015.10.14"]
[Round "15.47"]
[White "Naumann, Alexander"]
[Black "Hjartarson, Johann"]
[Result "0-1"]
[WhiteTitle "GM"]
[BlackTitle "GM"]
[WhiteElo "2545"]
[BlackElo "2529"]
[WhiteFideId "4623169"]
[BlackFideId "2300044"]
[EventDate "2015.10.13"]

1. d4 Nf6 2. c4 e6 3. g3 Bb4+ 4. Bd2 a5 5. Bg2 d6 6. e4 Nbd7 7. Ne2 e5 8. O-O
exd4 9. Nxd4 O-O 10. Qc2 Re8 11. Nc3 Ne5 12. b3 h6 13. Rad1 Bg4 14. f3 Bd7 15.
Kh1 Bc5 16. Bc1 Ng6 17. Bb2 h5 18. Nf5 h4 19. Nd5 Nxd5 20. cxd5 hxg3 21. hxg3
Qg5 22. Bd4 b6 23. Bxc5 bxc5 24. f4 Qg4 25. Rf3 Bxf5 26. exf5 Ne7 27. f6 Nf5 28.
Qd3 gxf6 29. Kg1 a4 30. bxa4 Rxa4 31. Rd2 Rea8 32. Qb1 Nd4 33. Re3 Rb4 34. Qf1
Rab8 35. Kf2 Rb2 36. Rd3 Rxd2+ 37. Rxd2 Nf5 38. Qd3 c4 39. Qf3 Qg6 40. Bh3 Rb1
41. Qg4 c3 42. Re2 Qxg4 43. Bxg4 Nd4 44. Re8+ Kg7 45. Re1 c2 0-1

[Event "World Blitz 2015"]
[Site "Berlin GER"]
[Date "2015.10.14"]
[Round "15.48"]
[White "Grandelius, Nils"]
[Black "Milanovic, Danilo"]
[Result "1-0"]
[WhiteTitle "GM"]
[BlackTitle "GM"]
[WhiteElo "2647"]
[BlackElo "2469"]
[WhiteFideId "1710400"]
[BlackFideId "915483"]
[EventDate "2015.10.13"]

1. e4 d5 2. exd5 Qxd5 3. Nf3 Bg4 4. Be2 Nc6 5. h3 Bxf3 6. Bxf3 Qe6+ 7. Qe2 Qxe2+
8. Bxe2 O-O-O 9. O-O g6 10. c3 e5 11. Re1 Bg7 12. d3 Nge7 13. Nd2 h6 14. Bf1 Nd5
15. Nc4 Rhe8 16. a4 Nb6 17. Nxb6+ axb6 18. Be3 f5 19. b4 Kb8 20. a5 bxa5 21. b5
Ne7 22. Rxa5 Nd5 23. Bd2 Nb6 24. Ra2 Bf8 25. h4 h5 26. Bg5 Be7 27. Rxe5 Bxg5 28.
Rxe8 Rxe8 29. hxg5 Re1 30. Re2 Rxe2 31. Bxe2 Nd5 32. c4 Nf4 33. Kf1 Ne6 34. Bf3
Nxg5 35. Bd5 f4 36. g3 fxg3 37. fxg3 b6 38. Kf2 Kc8 39. Ke3 Kd7 40. Kf4 Nh7 41.
Bf7 g5+ 42. Kf3 Nf6 43. d4 Kd6 44. Ke3 Ng4+ 45. Ke4 Nf6+ 46. Kf5 Nd7 47. Bxh5
Nf8 48. Bf7 Ke7 49. Bd5 Nh7 50. Kg6 Nf6 51. Kxg5 1-0

[Event "World Blitz 2015"]
[Site "Berlin GER"]
[Date "2015.10.14"]
[Round "15.49"]
[White "Swiercz, Dariusz"]
[Black "Stefansson, Hannes"]
[Result "1-0"]
[WhiteTitle "GM"]
[BlackTitle "GM"]
[WhiteElo "2620"]
[BlackElo "2602"]
[WhiteFideId "1126881"]
[BlackFideId "2300087"]
[EventDate "2015.10.13"]

1. c4 e5 2. g3 Nf6 3. Bg2 c6 4. Nf3 e4 5. Nd4 d5 6. d3 Bb4+ 7. Bd2 Bxd2+ 8. Qxd2
O-O 9. cxd5 cxd5 10. Nc3 exd3 11. Qxd3 Nc6 12. O-O Qb6 13. Nxc6 bxc6 14. Qd2 Be6
15. Rfc1 Qa5 16. Rc2 Rfd8 17. Ne4 Qxd2 18. Nxd2 Rab8 19. b3 Rd6 20. Rac1 Bd7 21.
Nf3 Rb6 22. Nd4 g6 23. e3 Ne8 24. Rc5 Nc7 25. Ra5 Ra6 26. Rcc5 Rxa5 27. Rxa5 a6
28. Bf1 Kf8 29. b4 Bc8 30. a4 Ke7 31. Rc5 Bb7 32. Bh3 Ne6 33. Bxe6 fxe6 34. f4
Rd8 35. Rxc6 Rd6 36. Rc7+ Rd7 37. Rxd7+ Kxd7 38. Kf2 Kd6 39. Nf3 Bc6 40. a5 Bb5
41. Ne5 Kc7 42. Ke1 Kd6 43. Kd2 g5 44. Kc3 gxf4 45. exf4 Ke7 46. Kd4 Kf6 47. g4
h6 48. h4 Bf1 49. Nd7+ Ke7 50. Nc5 Kf6 51. g5+ hxg5 52. fxg5+ Kf5 53. Nd7 Bb5
54. Ne5 Be2 55. Nf7 Bh5 56. Ne5 Be2 57. Nd7 Bb5 58. Nc5 Bf1 59. h5 Kxg5 60.
Nxe6+ Kxh5 61. Nc7 Kg6 62. Kxd5 Kf7 63. Kc5 Ke7 64. Kb6 Kd7 65. Nxa6 Kc8 66. Nc5
Kb8 67. b5 Kc8 68. a6 Bg2 69. Ne6 Kd7 70. Nc7 1-0

[Event "World Blitz 2015"]
[Site "Berlin GER"]
[Date "2015.10.14"]
[Round "15.51"]
[White "Pavlidis, Antonios"]
[Black "Belov, Vladimir"]
[Result "0-1"]
[WhiteTitle "GM"]
[BlackTitle "GM"]
[WhiteElo "2522"]
[BlackElo "2614"]
[WhiteFideId "4212312"]
[BlackFideId "4132394"]
[EventDate "2015.10.13"]

1. e4 c6 2. d4 d5 3. Nd2 dxe4 4. Nxe4 Nd7 5. Bd3 Ngf6 6. Ng5 e6 7. N1f3 Bd6 8.
Qe2 h6 9. Ne4 Nxe4 10. Qxe4 Qc7 11. Qg4 Kf8 12. O-O b6 13. b3 Bb7 14. Bb2 Nf6
15. Qh3 Nd5 16. g3 c5 17. Rfe1 Nb4 18. Be4 c4 19. Ng5 Re8 20. Ba3 Kg8 21. Nf3
Bxe4 22. Rxe4 Nxc2 23. Bxd6 Qxd6 24. Rc1 cxb3 25. axb3 Nb4 26. Ne5 Nd5 27. Qh5
Qe7 28. Qf3 Rf8 29. Qd3 h5 30. h4 g6 31. Nc6 Qf6 32. Nxa7 Kg7 33. Nb5 Rd8 34.
Ree1 Rd7 35. Qe4 Nb4 36. Rc4 Nd5 37. Qe5 Ra8 38. Rc6 Ra2 39. Qxf6+ Kxf6 40. Nd6
Kg7 41. Nc4 b5 42. Ne5 Rb7 43. Nd3 Rd2 44. Nc5 Re7 45. Re4 Nc3 46. Re3 Ne2+ 47.
Kg2 Nxd4 48. Rb6 e5 49. Nd3 f6 50. Nb4 Ra7 51. Nd5 Nf5 52. Rxb5 Nxe3+ 53. Nxe3
Raa2 54. Kf3 f5 55. Rb7+ Kf6 56. Rb6+ Kf7 57. Rb7+ Ke6 58. Rb6+ Kd7 59. Nc4
Rxf2+ 60. Ke3 f4+ 61. gxf4 exf4+ 62. Kd3 Rg2 63. Rf6 Raf2 64. b4 Ke7 65. Ra6 f3
66. Ke3 Rf1 67. Ne5 Re2+ 68. Kd4 Rd1+ 69. Nd3 Red2 70. Ra7+ Kf6 71. Ra6+ Kf5 72.
Ra5+ Kg4 73. Rg5+ Kxh4 0-1

[Event "World Blitz 2015"]
[Site "Berlin GER"]
[Date "2015.10.14"]
[Round "15.52"]
[White "Roiz, Michael"]
[Black "Demuth, Adrien"]
[Result "1-0"]
[WhiteTitle "GM"]
[BlackTitle "GM"]
[WhiteElo "2600"]
[BlackElo "2545"]
[WhiteFideId "2804158"]
[BlackFideId "642274"]
[EventDate "2015.10.13"]

1. Nf3 d5 2. d4 c5 3. g3 Nf6 4. Bg2 e6 5. O-O Nc6 6. c4 Be7 7. cxd5 exd5 8. dxc5
Bxc5 9. Nc3 O-O 10. Na4 Be7 11. Be3 Re8 12. Rc1 Bg4 13. Nc5 Bxc5 14. Bxc5 Qd7
15. Re1 Rad8 16. Nd4 Rc8 17. Nxc6 bxc6 18. Bd4 Qe6 19. Qc2 Bf5 20. Qa4 Ne4 21.
b4 h5 22. Qa3 h4 23. Qe3 h3 24. Bf1 a6 25. Qf4 Nd6 26. f3 f6 27. g4 Bh7 28. Bxh3
Nb5 29. Bc5 Qe5 30. Qxe5 fxe5 31. a4 Na3 32. Bf1 e4 33. e3 exf3 34. Bxa6 Rc7 35.
Kf2 Be4 36. h4 Kf7 37. h5 g6 38. Rh1 gxh5 39. Rxh5 Rg8 40. g5 Kg6 41. Rch1 Nc4
42. Rh6+ Kf5 43. Bd4 Rxg5 44. Rf6+ Kg4 45. Rf4# 1-0

[Event "World Blitz 2015"]
[Site "Berlin GER"]
[Date "2015.10.14"]
[Round "15.53"]
[White "Nikolic, Predrag"]
[Black "Heimann, Andreas"]
[Result "0-1"]
[WhiteTitle "GM"]
[BlackTitle "IM"]
[WhiteElo "2603"]
[BlackElo "2546"]
[WhiteFideId "14400014"]
[BlackFideId "24624632"]
[EventDate "2015.10.13"]

1. d4 Nf6 2. c4 e6 3. Nf3 b6 4. g3 Bb4+ 5. Bd2 Be7 6. Bg2 c6 7. O-O O-O 8. a4 a5
9. Ne5 d5 10. Nc3 Nfd7 11. cxd5 Nxe5 12. dxe5 cxd5 13. e4 d4 14. Nb5 Nc6 15. f4
Bc5 16. Kh1 Ba6 17. Qh5 d3 18. f5 Nxe5 19. fxe6 f6 20. Bc3 Bxb5 21. axb5 g6 22.
Qh4 Qe7 23. Bh3 Rad8 24. Rad1 Bd4 25. Bd2 Bxb2 26. Bh6 a4 27. Bxf8 Rxf8 28. Qf4
a3 29. Qf2 Qd6 30. Rb1 Nc4 31. Rfd1 d2 32. Bf1 Qxe6 33. Bxc4 Qxc4 34. Qxd2 Qxe4+
35. Qg2 Qxg2+ 36. Kxg2 Ra8 37. Rd2 Ra5 38. Rdxb2 axb2 39. Rxb2 Kf7 40. Kf3 Ke6
41. Ke4 Ra4+ 42. Kd3 Kd5 43. Rc2 Ra3+ 44. Ke2 Rb3 45. Rc6 Rxb5 46. Rxf6 Rb2+ 47.
Kf3 b5 48. h4 b4 49. g4 b3 50. Rf7 Rc2 51. Rxh7 Rc3+ 52. Kf2 Rc5 53. Rd7+ Kc4
54. Kg3 b2 55. Rd1 Kb3 56. Rd8 Rb5 57. Rd1 Kc2 58. Rh1 Rd5 59. h5 gxh5 60. gxh5
Rd4 61. h6 b1=Q 62. Rxb1 Kxb1 63. h7 Rd8 64. Kg4 Rh8 0-1

[Event "World Blitz 2015"]
[Site "Berlin GER"]
[Date "2015.10.14"]
[Round "15.54"]
[White "Abel, Dennes"]
[Black "Salem, A.R. Saleh"]
[Result "0-1"]
[WhiteTitle "IM"]
[BlackTitle "GM"]
[WhiteElo "2441"]
[BlackElo "2624"]
[WhiteFideId "24605417"]
[BlackFideId "9301348"]
[EventDate "2015.10.13"]

1. d4 Nf6 2. c4 g6 3. Nc3 d5 4. Bg5 Ne4 5. Bh4 Nxc3 6. bxc3 dxc4 7. e3 Be6 8.
Nf3 Bg7 9. Qb1 O-O 10. Be2 Nd7 11. O-O Nb6 12. a4 a5 13. Qb2 Qe8 14. Qa3 f6 15.
Nd2 Bf7 16. Ne4 Bd5 17. Nc5 f5 18. Bg3 e5 19. dxe5 Bxe5 20. Rfd1 f4 21. exf4 Bd6
22. Rxd5 Nxd5 23. Bxc4 c6 24. Bxd5+ cxd5 25. Qb3 Qc6 26. Nxb7 Rfb8 27. Rb1 Ra7 0-1

[Event "World Blitz 2015"]
[Site "Berlin GER"]
[Date "2015.10.14"]
[Round "15.55"]
[White "Bauer, Christian"]
[Black "Riff, Jean-Noel"]
[Result "1-0"]
[WhiteTitle "GM"]
[BlackTitle "GM"]
[WhiteElo "2623"]
[BlackElo "2499"]
[WhiteFideId "603767"]
[BlackFideId "611190"]
[EventDate "2015.10.13"]

1. d4 Nf6 2. Nf3 e6 3. Bf4 c5 4. e3 Qb6 5. Nc3 a6 6. Na4 Qa5+ 7. c3 cxd4 8. exd4
d6 9. b4 Qd8 10. c4 Be7 11. Be2 O-O 12. a3 Nc6 13. O-O Bd7 14. Nc3 Rc8 15. Rc1
d5 16. c5 Ne4 17. Qb3 f5 18. h3 Bf6 19. Be3 f4 20. Bxf4 Bxd4 21. Nxd5 Nxf2 22.
Kh2 Ne4 23. Be3 Bxe3 24. Nxe3 Qc7+ 25. Kg1 Kh8 26. Bc4 e5 27. Rfe1 Nf6 28. Nd5
Nxd5 29. Bxd5 Nd4 30. Qe3 Nxf3+ 31. Bxf3 Rce8 32. Be4 Bc6 33. Rcd1 Bxe4 34. Qxe4
a5 35. Rf1 axb4 36. axb4 b6 37. c6 b5 38. Rxf8+ Rxf8 39. Rd7 Qb6+ 40. Kh2 h6 41.
Qxe5 Rg8 42. c7 Qc6 43. Qd6 1-0

[Event "World Blitz 2015"]
[Site "Berlin GER"]
[Date "2015.10.14"]
[Round "15.56"]
[White "Maze, Sebastien"]
[Black "Lenic, Luka"]
[Result "1/2-1/2"]
[WhiteTitle "GM"]
[BlackTitle "GM"]
[WhiteElo "2582"]
[BlackElo "2639"]
[WhiteFideId "613762"]
[BlackFideId "14603853"]
[EventDate "2015.10.13"]

1. Nf3 Nf6 2. g3 b5 3. Bg2 Bb7 4. O-O e6 5. d3 c5 6. e4 d6 7. Qe2 Nbd7 8. c3 Be7
9. Nbd2 O-O 10. Rd1 a6 11. a3 Rc8 12. h4 Re8 13. Ng5 h6 14. Nh3 e5 15. Nf1 d5
16. f3 c4 17. dxc4 dxe4 18. fxe4 Rxc4 19. Nf2 Rc8 20. Ne3 Qc7 21. Nf5 Bf8 22.
Ng4 Qc4 23. Qxc4 Rxc4 24. Nf2 Rcc8 25. Be3 Nc5 26. Nd6 Bxd6 27. Rxd6 Na4 28. Rd2
Nc5 29. Bxc5 Rxc5 30. Rad1 Rc7 31. Rd6 Kf8 32. Kf1 Ke7 33. Ke2 Rd7 34. Rxd7+
Nxd7 35. Nd3 f6 36. Ke3 Rc8 37. Bh3 Rc7 38. Bxd7 Rxd7 39. Nf2 Rc7 40. Nd3 Rc4
41. Nf2 h5 42. Rd2 g6 43. Rd3 f5 44. exf5 gxf5 45. b3 Rc8 46. Kd2 Ke6 47. Nh3
Ke7 48. Ng5 Rc7 49. Re3 Kf6 50. Rd3 Ke7 51. Ke2 a5 52. b4 a4 53. Kd2 Ba8 54. Ke2
Bb7 55. Kd2 Bc6 56. Re3 Kf6 57. Rd3 Ke7 58. Re3 e4 59. Nh3 Rd7+ 60. Ke2 Bd5 61.
Nf4 Bc4+ 62. Ke1 Bf7 63. Re2 Kf6 64. Rd2 Rc7 65. Rd6+ Ke5 66. Rb6 Rxc3 67. Rxb5+
Kf6 68. Rb6+ Ke7 69. Rb7+ Kf8 70. b5 Rxa3 71. b6 Rb3 72. Ra7 Rxb6 73. Rxa4 Rb3
74. Kf2 Rb5 75. Ra7 Kg8 76. Ke3 Kg7 77. Kd4 Kf6 78. Ra6+ Ke7 79. Ra7+ Ke8 80.
Ra8+ Ke7 81. Ra7+ Kf8 82. Ra8+ Kg7 83. Ra7 Rb4+ 84. Ke5 e3 85. Kxf5 Kf8 86. Ra3
Rb5+ 87. Ke4 Rb4+ 88. Kf3 Kg7 89. Rxe3 Kf6 90. Ra3 Rb6 91. Ra5 Rb3+ 92. Kg2 Rb2+
93. Kh3 Ke7 94. Nxh5 Be6+ 95. g4 Rb3+ 96. Ng3 Rb4 97. Rg5 Kf6 98. Nh5+ Ke7 99.
Rg7+ Kf8 100. Rg5 Ke7 101. Kg3 Rb3+ 102. Kf2 Rb4 103. Kg3 Rb3+ 104. Kh2 Rb2+
105. Kh3 Rb3+ 106. Ng3 Kf6 107. Ra5 Rb4 108. Nh5+ Ke7 109. Rg5 Rb3+ 110. Kg2
Rb2+ 111. Kf3 Rb3+ 112. Kf4 Rb4+ 113. Kg3 Rb3+ 114. Kh2 Rb2+ 115. Kh3 Rb3+ 116.
Ng3 1/2-1/2

[Event "World Blitz 2015"]
[Site "Berlin GER"]
[Date "2015.10.14"]
[Round "15.57"]
[White "Sethuraman, S.P."]
[Black "Munoz Pantoja, Miguel"]
[Result "0-1"]
[WhiteTitle "GM"]
[BlackTitle "GM"]
[WhiteElo "2640"]
[BlackElo "2441"]
[WhiteFideId "5021596"]
[BlackFideId "3800229"]
[EventDate "2015.10.13"]

1. d4 c5 2. d5 Nf6 3. Nc3 Qa5 4. f3 b5 5. e4 b4 6. Nce2 d6 7. c4 g6 8. Ng3 Bg7
9. Bd3 e6 10. N1e2 exd5 11. exd5 Nbd7 12. f4 h5 13. O-O h4 14. Ne4 Nxe4 15. Bxe4
Nf6 16. Bd3 Qc7 17. f5 Bxf5 18. Bxf5 gxf5 19. Qd3 O-O-O 20. Qxf5+ Nd7 21. a3
Rde8 22. Nf4 Re7 23. axb4 cxb4 24. Ra6 Bd4+ 25. Kh1 Bb6 26. Bd2 Qxc4 27. Raa1
Kb7 28. Rfe1 Rhe8 29. Rec1 Qe4 30. Qh3 Nc5 31. Rf1 Qd4 32. Be1 Re3 33. Bf2 Rxh3
34. Bxd4 Rb3 35. Nh5 Re7 36. Rae1 Rxe1 37. Rxe1 Nd3 38. Re7+ Ka6 39. Bh8 Nxb2
40. Rxf7 Nd3 41. Rf1 Nf2+ 42. Kg1 Ng4+ 43. Kh1 Ne3 44. Ra1+ Kb5 45. Nf6 a5 46.
Ne4 Bc5 47. Bf6 Nxd5 48. Bxh4 a4 49. Bg3 a3 50. Nxd6+ Bxd6 51. Bxd6 a2 52. Be5
Rb1+ 0-1

[Event "World Blitz 2015"]
[Site "Berlin GER"]
[Date "2015.10.14"]
[Round "15.58"]
[White "Piorun, Kacper"]
[Black "Agrest, Evgenij"]
[Result "1-0"]
[WhiteTitle "GM"]
[BlackTitle "GM"]
[WhiteElo "2609"]
[BlackElo "2596"]
[WhiteFideId "1130420"]
[BlackFideId "1705024"]
[EventDate "2015.10.13"]

1. Nf3 d5 2. g3 g6 3. Bg2 Bg7 4. O-O e5 5. d3 Ne7 6. Nc3 O-O 7. e4 d4 8. Ne2 c5
9. Nd2 Nbc6 10. f4 Be6 11. Nf3 h6 12. Nh4 exf4 13. gxf4 f5 14. Qe1 Qd7 15. Qg3
Kh7 16. Bd2 a5 17. a3 Rae8 18. Rae1 c4 19. Kh1 cxd3 20. cxd3 fxe4 21. dxe4 Bc4
22. Bh3 Qd6 23. Rg1 Bf7 24. Nc1 Kh8 25. Nd3 b6 26. Qg2 Qf6 27. Nf3 Qd6 28. f5
Ne5 29. Nfxe5 Bxe5 30. Bxh6 Rg8 31. Nxe5 Qxe5 32. Qf2 gxf5 33. Rxg8+ Rxg8 34.
Bf4 Qg7 35. Qh4+ Qh7 36. Be5+ Rg7 37. Qxe7 1-0

[Event "World Blitz 2015"]
[Site "Berlin GER"]
[Date "2015.10.14"]
[Round "15.59"]
[White "Mikhalevski, Victor"]
[Black "Grigoriants, Sergey"]
[Result "0-1"]
[WhiteTitle "GM"]
[BlackTitle "GM"]
[WhiteElo "2536"]
[BlackElo "2603"]
[WhiteFideId "2801914"]
[BlackFideId "4130804"]
[EventDate "2015.10.13"]

1. c4 Nf6 2. g3 e5 3. Bg2 Nc6 4. Nc3 Bc5 5. e3 d6 6. Nge2 a6 7. b3 O-O 8. Bb2
Ba7 9. O-O Bf5 10. f4 e4 11. h3 h5 12. Nd5 Nxd5 13. cxd5 Nb4 14. g4 hxg4 15. Ng3
Bd7 16. Bxe4 Qh4 17. Qe1 f5 18. Bb1 Rae8 19. Qf2 Nxd5 20. Re1 g5 21. hxg4 Nxf4
22. Qh2 fxg4 23. Qxh4 gxh4 24. Ne2 Nh3+ 25. Kh1 Bc6+ 26. e4 Rxe4 0-1

[Event "World Blitz 2015"]
[Site "Berlin GER"]
[Date "2015.10.14"]
[Round "15.60"]
[White "Agdestein, Simen"]
[Black "Guliyev, Namig"]
[Result "1/2-1/2"]
[WhiteTitle "GM"]
[BlackTitle "GM"]
[WhiteElo "2606"]
[BlackElo "2579"]
[WhiteFideId "1500015"]
[BlackFideId "13400363"]
[EventDate "2015.10.13"]

1. c4 c6 2. Nf3 d5 3. e3 Nf6 4. Nc3 e6 5. d4 Nbd7 6. b3 Bd6 7. Bb2 O-O 8. Be2 b6
9. O-O Bb7 10. Qc2 Qe7 11. Rad1 h6 12. Rfe1 Rac8 13. Bf1 Rfe8 14. e4 dxe4 15.
Nxe4 Nxe4 16. Qxe4 Nf6 17. Qc2 Qf8 18. Rd3 Red8 19. Red1 Be7 20. Qe2 c5 21. dxc5
bxc5 22. Ne5 Rxd3 23. Rxd3 Rd8 24. g3 Rxd3 25. Qxd3 Qa8 26. h4 Be4 27. Qd1 Qd8
28. Qxd8+ Bxd8 29. Bd3 Bb7 30. f3 Bc7 31. Kf2 Kf8 32. g4 g5 33. hxg5 hxg5 34.
Bc2 Ke7 35. Nd3 Nd7 36. Bc1 f6 37. Be3 Bd6 38. b4 cxb4 39. Bxa7 Ne5 40. Nxe5
Bxe5 41. Be4 Bxe4 42. fxe4 Kd6 43. Ke2 Kc6 44. Kd3 Bd6 45. Bd4 e5 46. Be3 Bc5
47. Bd2 Bd6 48. Bc1 Be7 49. Bd2 Bd6 50. Kc2 Kc5 51. Kb3 Kd4 52. Bxb4 Bxb4 53.
Kxb4 Kxe4 54. c5 Kd5 55. Kb5 e4 56. c6 Kd6 57. Kb6 e3 58. c7 1/2-1/2

[Event "World Blitz 2015"]
[Site "Berlin GER"]
[Date "2015.10.14"]
[Round "15.61"]
[White "Donchenko, Alexander"]
[Black "Lagarde, Maxime"]
[Result "0-1"]
[WhiteTitle "GM"]
[BlackTitle "GM"]
[WhiteElo "2577"]
[BlackElo "2550"]
[WhiteFideId "24603295"]
[BlackFideId "662399"]
[EventDate "2015.10.13"]

1. d4 f5 2. Bg5 h6 3. Bh4 g5 4. e4 Nf6 5. e5 e6 6. Bg3 f4 7. exf6 Qxf6 8. Bd3
Nc6 9. Ne2 fxg3 10. hxg3 Bg7 11. Nbc3 a6 12. Ne4 Qe7 13. Qd2 d5 14. Nc5 b6 15.
Bg6+ Kd8 16. Nb3 a5 17. a4 Rf8 18. f4 Ba6 19. c3 Bxe2 20. Qxe2 gxf4 21. gxf4
Rxf4 22. Nd2 Kc8 23. O-O-O Kb7 24. Nf3 Rxf3 25. gxf3 Qg5+ 26. f4 Qxg6 27. Rhg1
Qf6 28. Kb1 Bf8 29. Rde1 Bd6 30. Ka2 Re8 31. Ref1 Ne7 32. Qh5 Rf8 33. Rg4 Nf5
34. Qh3 Qf7 35. Rfg1 Qd7 36. Kb3 Qc6 37. Qd3 h5 38. Rg6 Re8 39. Re1 Bxf4 40. Rf1
Bd6 41. Rf6 h4 42. Ka2 Ng3 43. R1f3 Ne4 44. Rh6 Qxa4+ 45. Kb1 Rg8 46. Rf1 Rg2 0-1